Normal view
MARC view
Entry Topical Term
001 - CONTROL NUMBER
- control field: 265898
003 - CONTROL NUMBER IDENTIFIER
- control field: OSt
005 - DATE AND TIME OF LATEST TRANSACTION
- control field: 20260623093648.0
008 - FIXED-LENGTH DATA ELEMENTS
- fixed length control field: 260623|| aca||aabn | a|a d
040 ## - CATALOGING SOURCE
- Original cataloging agency: OSt
- Transcribing agency: OSt
150 ## - HEADING--TOPICAL TERM
- Topical term or geographic name entry element: ಭಾರತೀಯ ರಂಗಭೂಮಿ ಮತ್ತು ಸಿನಿಮಾ ರಂಗದಲ್ಲಿ ಹೊಸ ಅಲೆಯನ್ನು ಸೃಷ್ಟಿಸಿದ ಬಿ.ವಿ. ಕಾರಂತರ ಜೀವನ ಮತ್ತು ಸಾಧನೆ
670 ## - SOURCE DATA FOUND
- Source citation: Work cat.: (OSt)106334: Manohara Grantha Mala ಮನೋಹರ ಗ್ರಂಥ ಮಾಲಾ 265897, RANGAKARMI B V Karanth., 2004